Normal view
MARC view
- ARVID,LANDVA G.DAVID
Entry Personal Name
001 - CONTROL NUMBER
- control field: 90185
003 - CONTROL NUMBER IDENTIFIER
- control field: NUST
005 - DATE AND TIME OF LATEST TRANSACTION
- control field: 20220303130402.0
008 - FIXED-LENGTH DATA ELEMENTS
- fixed length control field: 220303|| aca||aabn | a|a d
040 ## - CATALOGING SOURCE
- Original cataloging agency: NUST
- Transcribing agency: NUST
100 ## - HEADING--PERSONAL NAME
- Personal name: ARVID,LANDVA G.DAVID
670 ## - SOURCE DATA FOUND
- Source citation: Work cat.: (NUST): ARVID,LANDVA G.DAVID., GEOTECHNICS OF WASTE FILLS THEORY AND PRACTICE /, 1990.
